000
00321nam a2200121Ia 4500
008
231129s1981||||xx |||||||||||||| ||spa||
082
_a
ER- 476
100
_a
Corporación Biblioteca Pública
245
0
_a
Pereira Cultural Nº 1
260
_c
1981
264
_a
Pereira: Gráficas Olímpica 1981
942
_2
ddc
_c
BKS
999
_c
22635
_d
22635